Normal view
MARC view
- William H. Hayt, Jr., Jack E. Kemmerly, Steven M. Durbin.
Entry Personal Name
001 - CONTROL NUMBER
- control field: 10706
003 - CONTROL NUMBER IDENTIFIER
- control field: NUST
005 - DATE AND TIME OF LATEST TRANSACTION
- control field: 20180601060612.0
008 - FIXED-LENGTH DATA ELEMENTS
- fixed length control field: 180601|| aca||aabn | a|a d
040 ## - CATALOGING SOURCE
- Original cataloging agency: NUST
- Transcribing agency: NUST
100 ## - HEADING--PERSONAL NAME
- Personal name: William H. Hayt, Jr., Jack E. Kemmerly, Steven M. Durbin.
- Fuller form of name: (William Hart),
- Titles and other words associated with a name: Jr.,
- Dates associated with a name: 1920-1999.
670 ## - SOURCE DATA FOUND
- Source citation: Work cat.: (NUST)0: William H. Hayt, Jr., Jack E. Kemmerly, Steven M. Durbin. (William Hart), Jr., 1920-1999., Engineering Circuit Analysis , 2006.
